| 000 | 00419nam a2200181Ia 4500 | ||
|---|---|---|---|
| 008 | 210210b1950 xxu||||| |||| 00| 0 eng d | ||
| 041 | _aeng | ||
| 082 | _a940/185 | ||
| 100 | _aPIDAL (R M) | ||
| 245 | _aSpaniards in their history | ||
| 260 |
_aLondon _bHollis and Carter _c1950 |
||
| 650 | _atheir | ||
| 650 | _aSpaniards | ||
| 650 | _ain | ||
| 650 | _ahistory | ||
| 690 | _aEuropean History | ||
| 906 | _a025254 | ||
| 999 |
_c151104 _d151104 |
||